000 01548nam a2200265Ia 4500
999 _c53412
_d53412
001 20455
003 GE_BSU
005 20230508111540.0
008 181216s1977||||ge |||||||||||||| ||geo||
040 _cGE_BSU
041 _ageo
080 _a913.1(479.22) მ-92
100 _aმუსხელიშვილი, დ.
_93201
245 _aსაქართველოს ისტორიული გეოგრაფიის ძირითადი საკითხები :
_bნაწ. 1 /
_cდ. მუსხელიშვილი; ივ. ჯავახიშვილის სახ. ისტორიის, არქეოლოგიისა და ეთნოგრაფიის ინ-ტი.
264 _aთბილისი :
_bმეცნიერება,
_c1977.
300 _e258 გვ. :
_a25 სმ.
501 _aდანართი: რუკა 1 ფ., დაკ. 8 საძიებელი: გვ. 238-256.გვ.
520 _aრეზ. რუს. ენ.
541 _h8 ლ.35 თ.
653 _aსაქართველოს ისტორიული გეოგრაფია
700 _aძიძიგური, ვ.
_eრედაქტორი
_93813
700 _aნადირაძე, გ.
_eმხატვარი
_918020
710 _aივ. ჯავახიშვილის სახ. ისტორიის, არქეოლოგიისა და ეთნოგრაფიის ინსტიტუტი.
_918021
942 _cBK
_2udc